<?xml version="1.0" encoding="UTF-8"?>
<record
    xmlns:xsi="http://www.w3.org/2001/XMLSchema-instance"
    xsi:schemaLocation="http://www.loc.gov/MARC21/slim http://www.loc.gov/standards/marcxml/schema/MARC21slim.xsd"
    xmlns="http://www.loc.gov/MARC21/slim">

  <leader>02478nam a22004577a 4500</leader>
  <controlfield tag="003">AR-RoUNA</controlfield>
  <controlfield tag="005">20260422085505.0</controlfield>
  <controlfield tag="008">260420b        |||||||| |||| 00| 0 spa d</controlfield>
  <datafield tag="040" ind1=" " ind2=" ">
    <subfield code="a">AR-RoUNA</subfield>
    <subfield code="b">spa</subfield>
    <subfield code="d">AR-RoUNA</subfield>
  </datafield>
  <datafield tag="041" ind1=" " ind2=" ">
    <subfield code="a">spa</subfield>
  </datafield>
  <datafield tag="044" ind1=" " ind2=" ">
    <subfield code="a">ag</subfield>
  </datafield>
  <datafield tag="110" ind1="2" ind2=" ">
    <subfield code="a">Espa&#xF1;a. Ministerio de Obras P&#xFA;blicas y Urbanismo.</subfield>
    <subfield code="b">Instituto del Territorio y Urbanismo. Federaci&#xF3;n Espa&#xF1;ola de Municipios y Provincias Madrid</subfield>
    <subfield code="9">27693</subfield>
  </datafield>
  <datafield tag="245" ind1="1" ind2="0">
    <subfield code="a">Planeamiento especial y rehabilitaci&#xF3;n urbana </subfield>
  </datafield>
  <datafield tag="260" ind1=" " ind2=" ">
    <subfield code="a"> Madrid : </subfield>
    <subfield code="b">Centro de Publicaciones. Secretar&#xED;a General T&#xE9;cnica, MOP,</subfield>
    <subfield code="c">1986. </subfield>
  </datafield>
  <datafield tag="300" ind1=" " ind2=" ">
    <subfield code="a"> 168 p. :</subfield>
    <subfield code="b">il. byn.</subfield>
    <subfield code="b">planos</subfield>
    <subfield code="b">tablas</subfield>
    <subfield code="b">il. col.</subfield>
    <subfield code="c">29x21 cm.</subfield>
  </datafield>
  <datafield tag="505" ind1="0" ind2=" ">
    <subfield code="t">INDICE</subfield>
  </datafield>
  <datafield tag="505" ind1="0" ind2=" ">
    <subfield code="t">PRESENTACIONES</subfield>
  </datafield>
  <datafield tag="505" ind1="0" ind2=" ">
    <subfield code="t">SALAMANCA </subfield>
  </datafield>
  <datafield tag="505" ind1="0" ind2=" ">
    <subfield code="a">Fernando Contreras Gayoso / Plan Especial de Protecci&#xF3;n y Reforma Interior del Recinto Universitario y Zona Hist&#xF3;rico-Art&#xED;sitca de Salamanca. p. 11</subfield>
  </datafield>
  <datafield tag="505" ind1="0" ind2=" ">
    <subfield code="a">Manuel Campo Hern&#xE1;ndez / Pol&#xED;tica Municipal de Defensa y Recuperaci&#xF3;n de la Ciudad Hist&#xF3;rica. Exposici&#xF3;n del PEPRI de Salamanca y de la Pol&#xED;tica de Rehabilitaci&#xF3;n de Vivienda. p. 25</subfield>
  </datafield>
  <datafield tag="505" ind1="0" ind2=" ">
    <subfield code="a">Alberto L&#xF3;pez Asenjo / Desarrollo y Gesti&#xF3;n del PEPRI de Salamanca. Operaci&#xF3;n Piloto de Actuaci&#xF3;n Conjunta y Ayuda Municipal a la Rehabilitaci&#xF3;n. Balance Provisional. p. 27</subfield>
  </datafield>
  <datafield tag="505" ind1="0" ind2=" ">
    <subfield code="t">PAMPLONA   </subfield>
  </datafield>
  <datafield tag="505" ind1="0" ind2=" ">
    <subfield code="a">Sigifredo Mart&#xED;n S&#xE1;nchez y JAvier Torrens Alzu / Plan Especial de Protecci&#xF3;n y Reforma Interior del Burgo de San Cernin en el Casco Antiguo de Pamplona. p. 33</subfield>
  </datafield>
  <datafield tag="505" ind1="0" ind2=" ">
    <subfield code="a">Jes&#xFA;s Aramend&#xED;a PArdo / Consideraciones generales. Oficina Municipal de Informaci&#xF3;n y Gesti&#xF3;n para la Rehabilitaci&#xF3;n de vivienda en Pamplona. p. 44</subfield>
  </datafield>
  <datafield tag="505" ind1="0" ind2=" ">
    <subfield code="t">BARCELONA</subfield>
  </datafield>
  <datafield tag="505" ind1="0" ind2=" ">
    <subfield code="a">Juan Busquets Grau y Ricardo Fayos Moles / Nueva Renovaci&#xF3;n de los Centros hist&#xF3;ricos. Rehabilitaci&#xF3;n y Planeamiento Urban&#xED;stico. El caso de Barcelona. p. 59</subfield>
  </datafield>
  <datafield tag="505" ind1="0" ind2=" ">
    <subfield code="a">Germ&#xE1;n Vidal Rebull, Antonio Heras Gonz&#xE1;lez y Amadeo Iglesias Unzue / La rehabilitaci&#xF3;n de viviendas en Barcelona. p. 68</subfield>
  </datafield>
  <datafield tag="505" ind1="0" ind2=" ">
    <subfield code="t">ANEXO</subfield>
  </datafield>
  <datafield tag="505" ind1="0" ind2=" ">
    <subfield code="a">Notas finales. p. 161</subfield>
  </datafield>
  <datafield tag="505" ind1="0" ind2=" ">
    <subfield code="a">Personalidades y ponentes. p. 164</subfield>
  </datafield>
  <datafield tag="505" ind1="0" ind2=" ">
    <subfield code="a">Asistentes. 165</subfield>
  </datafield>
  <datafield tag="650" ind1=" " ind2="4">
    <subfield code="a">Urbanismo</subfield>
  </datafield>
  <datafield tag="650" ind1=" " ind2="4">
    <subfield code="a">Rehabilitaci&#xF3;n urbana</subfield>
  </datafield>
  <datafield tag="651" ind1=" " ind2="4">
    <subfield code="a">Salamanca (Espa&#xF1;a) </subfield>
    <subfield code="9">5083</subfield>
  </datafield>
  <datafield tag="651" ind1=" " ind2="4">
    <subfield code="a">  Barcelona (Espa&#xF1;a)  </subfield>
    <subfield code="9">84</subfield>
  </datafield>
  <datafield tag="651" ind1=" " ind2="4">
    <subfield code="a">   Pamplona (Espa&#xF1;a)</subfield>
    <subfield code="9">15733</subfield>
  </datafield>
  <datafield tag="908" ind1=" " ind2=" ">
    <subfield code="a">Imp</subfield>
  </datafield>
  <datafield tag="942" ind1=" " ind2=" ">
    <subfield code="2">udc</subfield>
    <subfield code="c">LIB</subfield>
  </datafield>
  <datafield tag="945" ind1=" " ind2=" ">
    <subfield code="d">2026-04-20</subfield>
  </datafield>
  <datafield tag="980" ind1=" " ind2=" ">
    <subfield code="6">5</subfield>
    <subfield code="a">Mar&#xED;a Machado</subfield>
    <subfield code="8">5</subfield>
    <subfield code="g">Mar&#xED;a Machado</subfield>
  </datafield>
  <datafield tag="999" ind1=" " ind2=" ">
    <subfield code="c">12391</subfield>
    <subfield code="d">12391</subfield>
  </datafield>
  <datafield tag="952" ind1=" " ind2=" ">
    <subfield code="0">0</subfield>
    <subfield code="1">0</subfield>
    <subfield code="2">udc</subfield>
    <subfield code="4">0</subfield>
    <subfield code="7">0</subfield>
    <subfield code="a">CURDIUR</subfield>
    <subfield code="b">CURDIUR</subfield>
    <subfield code="d">2026-04-20</subfield>
    <subfield code="l">0</subfield>
    <subfield code="p">LCUR-0369</subfield>
    <subfield code="t">ej. 1</subfield>
    <subfield code="y">LIB</subfield>
    <subfield code="x"></subfield>
  </datafield>
</record>
